K problematice metodologie věd a ekonomických věd z pohledu ontologicko-nomologického
Pojmové vymedzenie a filozofická koncepcia zákona. Ekonomický zákon. Význam zákona pri vedeckom vysvetľovaní. Koncepcia ekonomického zákona.
Guardado en:
| Autor principal: | |
|---|---|
| Formato: | Capítulo de libro |
| Lenguaje: | checo |
| Materias: | |
| Etiquetas: |
Sin Etiquetas, Sea el primero en etiquetar este registro!
|
MARC
| LEADER | 00000naa a2200000 4500 | ||
|---|---|---|---|
| 001 | r045363 | ||
| 005 | 20231003115047.9 | ||
| 041 | 0 | |a cze | |
| 044 | |a CZ | ||
| 245 | 1 | 0 | |a K problematice metodologie věd a ekonomických věd z pohledu ontologicko-nomologického |c Vladimír Kyprý |
| 520 | |a Pojmové vymedzenie a filozofická koncepcia zákona. Ekonomický zákon. Význam zákona pri vedeckom vysvetľovaní. Koncepcia ekonomického zákona. | ||
| 610 | 2 | 0 | |a metodológia vied |
| 610 | 2 | 0 | |a filozofia |
| 610 | 2 | 0 | |a zákony ekonomické |
| 610 | 2 | 0 | |a javy ekonomické |
| 610 | 2 | 0 | |a pojmy |
| 100 | 1 | |a Kyprý, Vladimír | |